000 00363nam a2200157Ia 4500
003 Ost
005 20260225132552.0
008 260225s9999||||xx |||||||||||||| ||und||
040 _cfsic
041 _afre
082 _a306.44
100 _aClaude Abasted
_eAuteur
245 0 _aMythes et rituels de l'écriture /
245 0 _cClaude Abasted
942 _cكتاب
999 _c34183
_d34183